Most successful Maltese football clubs - Statistics

General Stats
  • This quiz has been taken 40 times
    38 since last reset
  • The average score is 8 of 14
Answer Stats
titles Answer % Correct
25 Premier leagues, 14 Fa trophies 13 Super cups Valletta F.C
82%
27 Premier leagues, 21 Fa trophies 2 Super cups Floriana F.C
76%
13 Premier leagues, 11 Fa trophies 5 Super cups Hibernians F.C
76%
26 Premier leagues, 22 Fa trophies 3 Super cups Sliema Wanderers
76%
11 Premier leagues, 6 Fa trophies 7 Super cups Hamrun Spartans
71%
4 Premier leagues, 6 Fa trophies 7 Super cups Birkirkara F.C
59%
1 Fa trophy Gżira United F.C
53%
2 Premier leagues, 1 Fa trophy 2 Super cups Rabat Ajax
53%
1 Fa trophy Balzan F.C
41%
1 Premier league Marsaxlokk F.C
41%
1 Fa trophy Melita F.C
41%
1 Fa trophy Żurrieq F.C
41%
1 Premier league St. George's
35%
1 Premier league K.O.M.R
29%
No matching quizzes found
Score Distribution
Percent of People with Each Score
Percentile by Number Answered
Your Score History
You have not taken this quiz since the last reset